Countries whose Capital isn't the Biggest City - Sudden Death - Statistics

General Stats
  • This quiz has been taken 517 times
    130 since last reset
  • The average score is 11 of 18
Answers on the Grid
Answers color-coded by a green-red scale on the quiz's grid according to % correct below.
Australia
Austria
Brazil
Canada
Chile
China
Ecuador
Germany
Ivory Coast
Kazakhstan
Kenya
Malaysia
Morocco
Myanmar
Netherlands
New Zealand
Pakistan
Saudi Arabia
South Africa
South Korea
Switzerland
Taiwan
Tanzania
Turkey
United Arab Emirates
United Kingdom
United States
Vietnam
 
Answer Stats
Answer % Correct
Australia
94%
Canada
86%
Brazil
84%
China
71%
United States
67%
Turkey
63%
United Arab Emirates
61%
Pakistan
60%
Switzerland
60%
Morocco
59%
New Zealand
57%
South Africa
54%
Kazakhstan
53%
Myanmar
52%
Vietnam
47%
Ecuador
44%
Ivory Coast
44%
Tanzania
43%
No matching quizzes found
Score Distribution
Percent of People with Each Score
Percentile by Number Answered
Your Score History
You have not taken this quiz since the last reset